[Event "NOR-ch Rapid"]
[Site "Bergen"]
[Date "2024.01.14"]
[Round "8"]
[White "Haldorsen, Benjamin"]
[Black "Stokke, Kjetil"]
[Result "1/2-1/2"]
[WhiteElo "2427"]
[BlackElo "2302"]
[PlyCount "96"]
[EventDate "2024.01.13"]
[EventType "swiss (rapid)"]
[EventRounds "10"]
[EventCountry "NOR"]
[SourceTitle "CB03_2024"]
[SourceDate "2024.01.17"]
[SourceVersion "1"]
[SourceVersionDate "2024.01.17"]
[SourceQuality "1"]

1. e4 c5 2. Nc3 Nc6 3. Bb5 Nd4 4. Nf3 a6 5. Bd3 Nc6 6. 0-0 g6 7. e5 Bg7 8. Re1 f6 9. exf6 Nxf6 10. Bf1 0-0 11. d4 cxd4 12. Nxd4 e6 13. Nxc6 bxc6 14. Bf4 Nd5 15. Nxd5 cxd5 16. Bg3 Bxb2 17. Rb1 Bc3 18. Re3 Bg7 19. h4 Qa5 20. Bd6 Rf7 21. h5 d4 22. hxg6 hxg6 23. Rg3 Qd5 24. Rb6 Qa5 25. Rbb3 Qd5 26. Ba3 a5 27. Rb5 Qe4 28. Rg4 Qc6 29. Rxg6 Ba6 30. Rc5 Qb7 31. Bxa6 Rxa6 32. Qxd4 e5 33. Qg4 Rxg6 34. Qxg6 Rf6 35. Qe8+ Rf8 36. Qg6 Rf6 37. Qe8+ Rf8 38. Qh5 Qb1+ 39. Kh2 Qxa2 40. Rc3 Ra8 41. Rg3 Qe6 42. Rg6 Qf7 43. Qg4 d5 44. f4 Qxf4+ 45. Qxf4 exf4 46. Bb2 Ra7 47. Bxg7 Rxg7 48. Ra6 Rc7 1/2-1/2

[Event "Bangkok Rooky op"]
[Site "Bangkok"]
[Date "2023.10.20"]
[Round "2"]
[White "Tan, Yi Xun"]
[Black "Stokke, Kjetil"]
[Result "1/2-1/2"]
[WhiteElo "1698"]
[BlackElo "2307"]
[PlyCount "82"]
[EventDate "2023.10.20"]
[EventType "swiss"]
[EventRounds "7"]
[EventCountry "THA"]
[SourceTitle "Mega2024 Update 01"]
[Source "Chessbase"]
[SourceDate "2023.11.12"]
[SourceVersion "1"]
[SourceVersionDate "2023.11.12"]
[SourceQuality "1"]

1. d4 Nf6 2. c4 g6 3. g3 c5 4. d5 b5 5. cxb5 a6 6. bxa6 d6 7. Bg2 Bg7 8. Nc3 0-0 9. Nf3 Bf5 10. 0-0 Ne4 11. Nxe4 Bxe4 12. Nd2 Bxg2 13. Kxg2 Rxa6 14. a3 Nd7 15. Nc4 Nb6 16. Qd3 Qa8 17. e4 Nxc4 18. Qxc4 Rb8 19. Ra2 Rab6 20. b4 Bd4 21. Bd2 Ra6 22. bxc5 Bxc5 23. a4 Rab6 24. Bc3 Rc8 25. a5 Rbb8 26. Qd3 Rb3 27. Qc2 Qb8 28. Rb2 Rxb2 29. Qxb2 Qxb2 30. Bxb2 Rb8 31. Bc3 Rb3 32. Rc1 Ra3 33. Rc2 Ra4 34. f3 Rc4 35. Rc1 Bb4 36. Bb2 Rxc1 37. Bxc1 Bxa5 38. Ba3 Bc3 39. Kf2 Bd4+ 40. Ke2 h5 41. h3 Kf8 1/2-1/2

[Event "NOR-chT Club"]
[Site "Bergen"]
[Date "2023.05.21"]
[Round "6.2"]
[White "Hansen, Eric"]
[Black "Stokke, Kjetil"]
[Result "1-0"]
[WhiteElo "2609"]
[BlackElo "2309"]
[PlyCount "97"]
[EventDate "2023.05.18"]
[EventType "team-swiss"]
[EventRounds "6"]
[EventCountry "NOR"]
[SourceTitle "CBM 214 Extra"]
[Source "ChessBase"]
[SourceDate "2023.07.31"]
[SourceVersion "1"]
[SourceVersionDate "2023.07.31"]
[SourceQuality "1"]
[WhiteTeam "Offerspill"]
[BlackTeam "Bergens"]
[WhiteTeamCountry "NOR"]
[BlackTeamCountry "NOR"]

1. e4 c5 2. Nf3 Nc6 3. Bb5 g6 4. 0-0 Bg7 5. Re1 e5 6. Bxc6 dxc6 7. d3 Qe7 8. a3 Nf6 9. b4 0-0 10. Nbd2 Rd8 11. h3 Nh5 12. bxc5 Qxc5 13. a4 Nf4 14. Nc4 Qe7 15. Rb1 b6 16. Bxf4 exf4 17. e5 f6 18. Qd2 fxe5 19. Ncxe5 Qf6 20. Rb4 Rf8 21. Rbe4 c5 22. Qe2 Qd6 23. d4 Bb7 24. dxc5 Qxc5 25. Nd7 Qd5 26. Re7 Rf7 27. c4 Rxe7 28. Qxe7 Qf7 29. Qd6 Re8 30. Rxe8+ Qxe8 31. Nfe5 Bxe5 32. Nxe5 Bc8 33. Qc7 Bf5 34. Kh2 h5 35. Nf3 Qxa4 36. Qd8+ Kg7 37. Qe7+ Kg8 38. Ne5 Qa1 39. Qe8+ Kg7 40. Qe7+ Kg8 41. h4 Qd4 42. Qf7+ Kh8 43. Qc7 Qxf2 44. Qd8+ Kg7 45. Qe7+ Kg8 46. Qf7+ Kh8 47. Qf8+ Kh7 48. Nf3 Qg3+ 49. Kg1 1-0

[Event "Thailand Team op"]
[Site "Bangkok"]
[Date "2022.12.05"]
[Round "5.2"]
[White "Stokke, Kjetil"]
[Black "Sacar, Mohamad"]
[Result "1-0"]
[WhiteElo "2312"]
[BlackElo "2066"]
[PlyCount "63"]
[EventDate "2022.12.03"]
[EventType "team-swiss"]
[EventRounds "9"]
[EventCountry "THA"]
[SourceTitle "CBM 211 Extra"]
[Source "ChessBase"]
[SourceDate "2023.01.31"]
[SourceVersion "1"]
[SourceVersionDate "2023.01.31"]
[SourceQuality "1"]
[WhiteTeam "Big Rook c5"]
[BlackTeam "Double Bishop"]
[WhiteTeamCountry "THA"]
[BlackTeamCountry "THA"]

1. c4 Nf6 2. g3 g6 3. Bg2 Bg7 4. Nc3 d6 5. e4 c5 6. Nge2 Nc6 7. 0-0 0-0 8. d3 Rb8 9. h3 a6 10. a4 Ne8 11. Be3 Nc7 12. d4 cxd4 13. Nxd4 Nxd4 14. Bxd4 b5 15. cxb5 axb5 16. a5 b4 17. Nd5 Ba6 18. Bb6 Rxb6 19. axb6 Nxd5 20. Rxa6 Nxb6 21. Qb3 Nd7 22. Qxb4 Nc5 23. Ra7 Nd3 24. Qb3 Nc5 25. Qb5 Bd4 26. b4 Nxe4 27. Rd7 Nc3 28. Qb7 Qe8 29. Rxe7 Qa4 30. Bd5 Nxd5 31. Qxd5 Qxb4 32. Re4 1-0

[Event "Thailand Team op"]
[Site "Bangkok"]
[Date "2022.12.04"]
[Round "4.2"]
[White "Stokke, Kjetil"]
[Black "Tuamsang, Sawapop"]
[Result "1-0"]
[WhiteElo "2312"]
[BlackElo "1880"]
[PlyCount "79"]
[EventDate "2022.12.03"]
[EventType "team-swiss"]
[EventRounds "9"]
[EventCountry "THA"]
[SourceTitle "CBM 211 Extra"]
[Source "ChessBase"]
[SourceDate "2023.01.31"]
[SourceVersion "1"]
[SourceVersionDate "2023.01.31"]
[SourceQuality "1"]
[WhiteTeam "Big Rook c5"]
[BlackTeam "Chula Baka Bobo"]
[WhiteTeamCountry "THA"]
[BlackTeamCountry "THA"]

1. d4 Nf6 2. c4 g6 3. Nc3 Bg7 4. e4 d6 5. Be2 0-0 6. Nf3 c5 7. 0-0 Nc6 8. d5 Nb8 9. h3 Ne8 10. Bf4 e5 11. dxe6 fxe6 12. Qd2 Nc6 13. e5 dxe5 14. Qxd8 Nxd8 15. Bxe5 Nc6 16. Bg3 Nd4 17. Nxd4 Bxd4 18. Bf3 Ng7 19. Nb5 Nf5 20. Nxd4 Nxd4 21. Be4 Ne2+ 22. Kh2 Nxg3 23. Kxg3 Bd7 24. Rad1 Rfd8 25. Bxb7 Rab8 26. Be4 Kf8 27. Rd2 Ke7 28. Rfd1 Ba4 29. Rxd8 Rxd8 30. Rxd8 Kxd8 31. Kf4 Ke7 32. Kg5 Kf7 33. Kh6 Kg8 34. h4 Bd1 35. f3 Be2 36. b3 Bf1 37. g4 a5 38. h5 gxh5 39. Bxh7+ Kf7 40. g5 1-0

[Event "Thailand Team op"]
[Site "Bangkok"]
[Date "2022.12.03"]
[Round "2.1"]
[White "Habla, Jony"]
[Black "Stokke, Kjetil"]
[Result "1-0"]
[WhiteElo "2245"]
[BlackElo "2312"]
[PlyCount "115"]
[EventDate "2022.12.03"]
[EventType "team-swiss"]
[EventRounds "9"]
[EventCountry "THA"]
[SourceTitle "CBM 211 Extra"]
[Source "ChessBase"]
[SourceDate "2023.01.31"]
[SourceVersion "1"]
[SourceVersionDate "2023.01.31"]
[SourceQuality "1"]
[WhiteTeam "Big Rook e4"]
[BlackTeam "Big Rook c5"]
[WhiteTeamCountry "THA"]
[BlackTeamCountry "THA"]

1. d4 Nf6 2. c4 g6 3. Nf3 Bg7 4. g3 b6 5. Bg2 Bb7 6. 0-0 0-0 7. Nc3 Ne4 8. Qd3 Nxc3 9. Qxc3 c5 10. Be3 d6 11. Qd2 Nd7 12. Bh6 Bxh6 13. Qxh6 Bxf3 14. Bxf3 Rc8 15. Rfd1 Nf6 16. b3 Qd7 17. dxc5 Rxc5 18. Rd4 Rfc8 19. Rad1 b5 20. cxb5 Qxb5 21. Rh4 a5 22. Kg2 Rc2 23. Rdd4 R8c5 24. Rdf4 Re5 25. Rc4 Rxc4 26. Rxc4 Rc5 27. Ra4 Qb6 28. b4 Rb5 29. a3 e5 30. e3 Qc7 31. Qh4 Kg7 32. bxa5 Rxa5 33. Qb4 Rxa4 34. Qxa4 d5 35. Qb5 Qc3 36. a4 e4 37. Be2 d4 38. exd4 Qxd4 39. a5 e3 40. Qd3 Qa7 41. a6 exf2 42. Qf3 Qb8 43. Qxf2 Qa8+ 44. Qf3 Qa7 45. Qd3 h5 46. h3 Qb6 47. Bf3 g5 48. Be2 Qa7 49. Qf5 Qe3 50. Qf2 Qa3 51. a7 g4 52. Bc4 Qa4 53. Qa2 gxh3+ 54. Kxh3 Qd7+ 55. Be6 fxe6 56. a8Q e5+ 57. Kg2 Qd4 58. Q8a7+ 1-0

[Event "NOR-chT Clubs"]
[Site "Drammen"]
[Date "2022.05.26"]
[Round "3"]
[White "Stokke, Kjetil"]
[Black "Christiansen, Johan Sebastian"]
[Result "0-1"]
[WhiteElo "2312"]
[BlackElo "2592"]
[PlyCount "216"]
[EventDate "2022.05.26"]
[EventType "team-swiss"]
[EventRounds "6"]
[EventCountry "NOR"]
[SourceTitle "EXT 2024"]
[Source "ChessBase"]
[SourceDate "2023.10.10"]
[SourceVersion "1"]
[SourceVersionDate "2023.10.10"]
[SourceQuality "1"]
[WhiteTeam "Bergens"]
[BlackTeam "Offerspill Elite"]
[WhiteTeamCountry "NOR"]
[BlackTeamCountry "NOR"]

1. c4 e6 2. g3 d5 3. Bg2 Nf6 4. Nf3 dxc4 5. Qa4+ Bd7 6. Qxc4 c5 7. Ne5 Qc8 8. 0-0 Nc6 9. Nxd7 Qxd7 10. b3 Rc8 11. Bb2 Be7 12. d3 0-0 13. Nd2 Nd4 14. Rfe1 Nd5 15. e3 b5 16. Qc1 Nc6 17. Ne4 Ncb4 18. Rd1 Rfd8 19. a3 Na6 20. Qd2 Qc7 21. Rac1 Qb6 22. Qc2 Qb8 23. Qb1 Bf8 24. Qa1 Qb6 25. h4 Rc7 26. Rc2 h6 27. Rdc1 f5 28. Nd2 Rcd7 29. d4 e5 30. dxc5 Nxc5 31. Bxe5 Nxe3 32. fxe3 Rxd2 33. Bd4 Rxc2 34. Rxc2 Nxb3 35. Qa2 Qe6 36. Bxa7 Rd1+ 37. Kh2 Ra1 38. Qb2 Rxa3 39. Rc6 Qf7 40. Bb8 Na5 41. Rc8 Nc4 42. Qxb5 Nxe3 43. Qc5 Rd3 44. Bf4 Nxg2 45. Bd6 Rxd6 46. Qxd6 Ne3 47. Rxf8+ Qxf8 48. Qe6+ Qf7 49. Qxe3 Qa2+ 50. Kh3 Qd5 51. Kh2 Qe4 52. Qb3+ Kh7 53. Qf7 Qe2+ 54. Kh1 Qg4 55. Kh2 h5 56. Qe7 f4 57. gxf4 Qxf4+ 58. Kh3 Qf5+ 59. Kg3 Qg4+ 60. Kh2 Qf3 61. Qg5 Qf7 62. Kh3 Qf1+ 63. Kh2 Qf3 64. Qe7 Qg4 65. Qe1 Kg6 66. Qe8+ Kf6 67. Qd8+ Ke5 68. Qc7+ Ke4 69. Qb7+ Ke3 70. Qb3+ Kf2 71. Qb6+ Ke2 72. Qb2+ Ke1 73. Qa1+ Kd2 74. Qb2+ Ke3 75. Qb3+ Kf4 76. Qb8+ Kf5 77. Qf8+ Kg6 78. Qe8+ Kh7 79. Qe7 Qf5 80. Qe1 Qd5 81. Qe7 Kg6 82. Qe8+ Kf6 83. Qf8+ Qf7 84. Qd6+ Kf5 85. Qd3+ Kf6 86. Qd6+ Qe6 87. Qf4+ Qf5 88. Qd6+ Kf7 89. Qc7+ Kg8 90. Qd8+ Qf8 91. Qd5+ Qf7 92. Qg5 g6 93. Qd8+ Kh7 94. Kh3 Qe6+ 95. Kg2 Kg7 96. Qc7+ Kf6 97. Qf4+ Qf5 98. Qd6+ Kf7 99. Qc7+ Ke6 100. Qc6+ Ke5 101. Qc5+ Ke4 102. Qc4+ Ke3 103. Qc1+ Ke2 104. Qb2+ Kd1 105. Qb3+ Qc2+ 106. Qxc2+ Kxc2 107. Kf3 Kd3 108. Kf4 Ke2 0-1

[Event "NOR-chT Elite 2122"]
[Site "Norway"]
[Date "2022.02.04"]
[Round "4.3"]
[White "Fossan, Erik"]
[Black "Stokke, Kjetil"]
[Result "1/2-1/2"]
[WhiteElo "2335"]
[BlackElo "2325"]
[PlyCount "46"]
[EventDate "2021.10.28"]
[EventType "team-tourn"]
[EventRounds "9"]
[EventCountry "NOR"]
[SourceTitle "EXT 2023"]
[Source "ChessBase"]
[SourceDate "2022.10.05"]
[SourceVersion "1"]
[SourceVersionDate "2022.10.05"]
[SourceQuality "1"]
[WhiteTeam "Stavanger"]
[BlackTeam "Bergens"]
[WhiteTeamCountry "NOR"]
[BlackTeamCountry "NOR"]

1. e4 c6 2. d4 d5 3. exd5 cxd5 4. c4 Nf6 5. Nc3 Nc6 6. Bg5 Be6 7. Be2 Qa5 8. Bf3 dxc4 9. d5 0-0-0 10. Bd2 Nxd5 11. Nxd5 Rxd5 12. Bxa5 Rxd1+ 13. Rxd1 Nxa5 14. Ne2 g6 15. Bd5 Bxd5 16. Rxd5 e6 17. Rd2 Bg7 18. Nc3 Rd8 19. Rxd8+ Kxd8 20. Kd2 Ke7 21. Rb1 a6 22. b4 cxb3 23. axb3 Bd4 1/2-1/2

[Event "Straume Bronstein Cup"]
[Site "Straume"]
[Date "2020.10.25"]
[Round "5"]
[White "Mansoor, Afras"]
[Black "Stokke, Kjetil"]
[Result "0-1"]
[WhiteElo "1899"]
[BlackElo "2311"]
[PlyCount "78"]
[EventDate "2020.10.25"]
[EventType "swiss (rapid)"]
[EventRounds "6"]
[EventCountry "NOR"]
[SourceTitle "EXT 2024"]
[Source "ChessBase"]
[SourceDate "2023.10.10"]
[SourceVersion "1"]
[SourceVersionDate "2023.10.10"]
[SourceQuality "1"]

1. c4 c5 2. g3 g6 3. Bg2 Bg7 4. Nc3 Nc6 5. a3 e6 6. b4 d6 7. Rb1 Nge7 8. e4 Ne5 9. Qe2 N7c6 10. Nf3 Nd4 11. Nxd4 cxd4 12. Nd1 d3 13. Qe3 0-0 14. Nb2 Qc7 15. Nxd3 Nxc4 16. Qe2 Bd7 17. Nf4 Bb5 18. d3 Nxa3 19. Bxa3 Qc3+ 20. Qd2 Qxa3 21. 0-0 Rac8 22. Rfc1 a6 23. d4 Bh6 24. e5 d5 25. Bf1 Bxf1 26. Kxf1 Qf3 27. Kg1 Rc4 28. b5 a5 29. Rxc4 dxc4 30. Rc1 Rc8 31. Rc3 Bxf4 32. gxf4 Qd5 33. f5 exf5 34. Ra3 b6 35. Qb2 Rd8 36. Qc2 Qxd4 37. Rc3 Qd1+ 38. Qxd1 Rxd1+ 39. Kg2 Rd5 0-1

[Event "Straume Bronstein Cup"]
[Site "Straume"]
[Date "2020.10.25"]
[Round "2"]
[White "Stokke, Kjetil"]
[Black "Johannessen, Theo N"]
[Result "1-0"]
[WhiteElo "2311"]
[BlackElo "1625"]
[PlyCount "77"]
[EventDate "2020.10.25"]
[EventType "swiss (rapid)"]
[EventRounds "6"]
[EventCountry "NOR"]
[SourceTitle "EXT 2024"]
[Source "ChessBase"]
[SourceDate "2023.10.10"]
[SourceVersion "1"]
[SourceVersionDate "2023.10.10"]
[SourceQuality "1"]

1. Nf3 d5 2. g3 Nf6 3. Bg2 c5 4. 0-0 Nc6 5. d4 e6 6. c4 Be7 7. dxc5 Bxc5 8. a3 a5 9. Nc3 0-0 10. Bf4 h6 11. Ne5 Nxe5 12. Bxe5 Nd7 13. Bd4 dxc4 14. Na4 Bxd4 15. Qxd4 Rb8 16. Rfd1 Qf6 17. Qxf6 Nxf6 18. Nb6 Nd5 19. Nxc4 b6 20. Bxd5 exd5 21. Rxd5 Be6 22. Rd4 Rfc8 23. Ne3 b5 24. f4 Rc5 25. Kf2 g5 26. b4 axb4 27. axb4 Rc3 28. f5 Bc4 29. Ra7 Re8 30. Nxc4 bxc4 31. Rdd7 Rc2 32. Rxf7 Rcxe2+ 33. Kf1 c3 34. Rg7+ Kh8 35. f6 Re1+ 36. Kg2 R8e2+ 37. Kh3 c2 38. Rh7+ Kg8 39. Rag7+ 1-0

[Event "NOR-chT Elite 1920"]
[Site "Norway"]
[Date "2020.01.17"]
[Round "4.3"]
[White "Harestad, Hans Krogh"]
[Black "Stokke, Kjetil"]
[Result "1/2-1/2"]
[WhiteElo "2233"]
[BlackElo "2321"]
[PlyCount "70"]
[EventDate "2019.11.01"]
[EventType "team-tourn"]
[EventRounds "9"]
[EventCountry "NOR"]
[SourceTitle "CBM 195 Extra"]
[Source "ChessBase"]
[SourceDate "2020.05.31"]
[SourceVersion "1"]
[SourceVersionDate "2020.05.31"]
[SourceQuality "1"]
[WhiteTeam "SOSS"]
[BlackTeam "Bergens"]
[WhiteTeamCountry "NOR"]
[BlackTeamCountry "NOR"]

1. d4 Nf6 2. c4 c5 3. d5 e6 4. Nc3 exd5 5. cxd5 d6 6. e4 g6 7. h3 Bg7 8. Nf3 Nbd7 9. Bd3 a6 10. a4 Nh5 11. 0-0 Ne5 12. Be2 Nxf3+ 13. Bxf3 Qh4 14. Bxh5 gxh5 15. Qe1 Bxh3 16. gxh3 Be5 17. f4 Qxh3 18. Kf2 Rg8 19. Ke2 Rg2+ 20. Rf2 Rxf2+ 21. Kxf2 Bd4+ 22. Ke2 0-0-0 23. Qf1 Qh2+ 24. Kd1 Bxc3 25. bxc3 Rg8 26. Be3 Qb2 27. Qh3+ Kb8 28. Rc1 Qa2 29. Qd7 Ka8 30. Qxd6 Qxa4+ 31. Ke2 Qxe4 32. Qxc5 Rg2+ 33. Ke1 Rg1+ 34. Kd2 Rg2+ 35. Ke1 Rg1+ 1/2-1/2

[Event "NOR-chT Elite 1920"]
[Site "Norway"]
[Date "2019.12.07"]
[Round "2.4"]
[White "Stokke, Kjetil"]
[Black "Lund, Gunnar"]
[Result "1/2-1/2"]
[WhiteElo "2344"]
[BlackElo "2274"]
[PlyCount "71"]
[EventDate "2019.11.01"]
[EventType "team-tourn"]
[EventRounds "9"]
[EventCountry "NOR"]
[SourceTitle "CBM 194 Extra"]
[Source "ChessBase"]
[SourceDate "2020.03.31"]
[SourceVersion "1"]
[SourceVersionDate "2020.03.31"]
[SourceQuality "1"]
[WhiteTeam "Bergens"]
[BlackTeam "Tromsoe"]
[WhiteTeamCountry "NOR"]
[BlackTeamCountry "NOR"]

1. d4 d6 2. Nf3 Nf6 3. c4 Nbd7 4. Nc3 e5 5. e4 Be7 6. Be2 0-0 7. 0-0 c6 8. Be3 a6 9. d5 cxd5 10. cxd5 Ng4 11. Bd2 b5 12. h3 Ngf6 13. Qb1 Nb6 14. Rc1 Bd7 15. b3 Qb8 16. Be3 Rc8 17. Nd2 Qb7 18. a4 b4 19. Nd1 Rxc1 20. Qxc1 Ne8 21. Nb2 f5 22. a5 Nc8 23. f3 Nc7 24. Ndc4 Nb5 25. Na4 Bd8 26. Bd3 Nd4 27. Qd1 Bb5 28. exf5 Rb8 29. Be4 Bxc4 30. bxc4 b3 31. c5 Bxa5 32. Bxd4 exd4 33. Qxd4 Bd8 34. Bd3 Bf6 35. Qe4 Qe7 36. Rb1 1/2-1/2

[Event "Pattaya op"]
[Site "Pattaya"]
[Date "2019.10.29"]
[Round "8"]
[White "Stokke, Kjetil"]
[Black "Laddha, Yash Jayesh"]
[Result "1-0"]
[WhiteElo "2336"]
[BlackElo "1989"]
[PlyCount "109"]
[EventDate "2019.10.23"]
[EventType "swiss"]
[EventRounds "9"]
[EventCountry "THA"]
[SourceTitle "CBM 195 Extra"]
[Source "ChessBase"]
[SourceDate "2020.05.31"]
[SourceVersion "1"]
[SourceVersionDate "2020.05.31"]
[SourceQuality "1"]

1. g3 d5 2. Nf3 Nf6 3. Bg2 e6 4. 0-0 Be7 5. c4 d4 6. e3 c5 7. exd4 cxd4 8. Re1 Nc6 9. d3 0-0 10. a3 a5 11. Bf4 Bd6 12. Ne5 Nxe5 13. Bxe5 Bxe5 14. Rxe5 Qd6 15. Rb5 Nd7 16. Nd2 Nc5 17. Nb3 Nxb3 18. Qxb3 h6 19. Bxb7 Bxb7 20. Rxb7 Rab8 21. Rc1 Qc7 22. Rxc7 Rxb3 23. c5 Rxb2 24. Rd7 Rc8 25. Rc4 Kf8 26. Ra7 Rb5 27. c6 Rd5 28. Kg2 Rd6 29. Ra6 Ke7 30. a4 Rc7 31. Rc5 g6 32. h4 Kf6 33. g4 Ke7 34. Kf3 Kf6 35. Ke4 Ke7 36. f3 f6 37. Raxa5 e5 38. g5 hxg5 39. hxg5 Rcxc6 40. gxf6+ Kxf6 41. Rxc6 Rxc6 42. Rxe5 Rc1 43. Ra5 Re1+ 44. Kxd4 Rf1 45. Ke4 Re1+ 46. Kf4 Rd1 47. Ra6+ Kf7 48. Ke3 Re1+ 49. Kf2 Rd1 50. Ke2 Ra1 51. a5 g5 52. Ra8 Kf6 53. a6 Ra5 54. a7 Kg7 55. d4 1-0

[Event "Pattaya op"]
[Site "Pattaya"]
[Date "2019.10.28"]
[Round "7"]
[White "Mandloi, Mukesh"]
[Black "Stokke, Kjetil"]
[Result "0-1"]
[WhiteElo "1685"]
[BlackElo "2336"]
[PlyCount "134"]
[EventDate "2019.10.23"]
[EventType "swiss"]
[EventRounds "9"]
[EventCountry "THA"]
[SourceTitle "CBM 195 Extra"]
[Source "ChessBase"]
[SourceDate "2020.05.31"]
[SourceVersion "1"]
[SourceVersionDate "2020.05.31"]
[SourceQuality "1"]

1. Nf3 c5 2. c4 g6 3. g3 Bg7 4. Bg2 Nc6 5. 0-0 e5 6. Nc3 Nge7 7. e3 0-0 8. d4 cxd4 9. exd4 exd4 10. Nb5 Nf5 11. Bg5 Qb6 12. g4 a6 13. gxf5 axb5 14. f6 Bh8 15. Qb3 b4 16. a3 d6 17. axb4 Be6 18. Nd2 Nxb4 19. Ra4 Rxa4 20. Qxa4 Nc6 21. b4 Ne5 22. Qa5 Qxa5 23. bxa5 Ra8 24. Ra1 Ra7 25. f4 Nd7 26. Rb1 Bxf6 27. Ne4 Bxg5 28. fxg5 Nc5 29. Nxc5 dxc5 30. Rb5 Bxc4 31. Rxc5 Ba6 32. Bd5 Ra8 33. Rc7 Rd8 34. Bxf7+ Kh8 35. Kf2 d3 36. Bb3 d2 37. Bd1 Rd5 38. h4 Rd4 39. Rc8+ Kg7 40. Rc7+ Kg8 41. Rc8+ Kf7 42. Rc7+ Ke6 43. Rxh7 Re4 44. Rg7 Re1 45. Rxg6+ Ke5 46. Bb3 Rb1 47. Ba4 Ra1 48. Bb3 Bc4 49. Ke3 Bxb3 50. Kxd2 Rxa5 51. Rb6 Bd5 52. h5 Bc6 53. h6 Kf5 54. h7 Ra2+ 55. Ke3 Rh2 56. Rb2 Rxh7 57. Kd4 Kxg5 58. Kc5 Kf5 59. Re2 Rh4 60. Kb6 Re4 61. Rh2 Ke5 62. Kc5 Ke6 63. Rh7 Re5+ 64. Kc4 Kd6 65. Rg7 Re4+ 66. Kd3 Rh4 67. Kc3 Kc5 0-1

[Event "Pattaya op"]
[Site "Pattaya"]
[Date "2019.10.26"]
[Round "5"]
[White "Stokke, Kjetil"]
[Black "Wongsawan, Thoetsak"]
[Result "1-0"]
[WhiteElo "2336"]
[BlackElo "1869"]
[PlyCount "87"]
[EventDate "2019.10.23"]
[EventType "swiss"]
[EventRounds "9"]
[EventCountry "THA"]
[SourceTitle "CBM 195 Extra"]
[Source "ChessBase"]
[SourceDate "2020.05.31"]
[SourceVersion "1"]
[SourceVersionDate "2020.05.31"]
[SourceQuality "1"]

1. e4 c5 2. Nc3 Nc6 3. Bb5 Nd4 4. Bc4 e6 5. Nge2 g6 6. Nxd4 cxd4 7. Ne2 Bg7 8. c3 Qc7 9. Bb3 d3 10. Ng3 b6 11. Qf3 Ba6 12. 0-0 h5 13. Re1 Be5 14. Bd1 Nf6 15. Nf1 g5 16. b3 g4 17. Qe3 h4 18. Ba3 0-0-0 19. Rc1 g3 20. c4 gxf2+ 21. Qxf2 Rdg8 22. Qe3 Ng4 23. Bxg4 Rxg4 24. h3 Rg6 25. Qxd3 Rhg8 26. Re2 f5 27. exf5 exf5 28. Ne3 Rg3 29. Qxf5 Bd4 30. Rf1 Qc6 31. Rff2 Bb7 32. Kf1 Bxe3 33. dxe3 Qe4 34. Qxe4 Bxe4 35. Bd6 R3g6 36. Rd2 a5 37. Be7 Rh6 38. Rd4 Bc6 39. Bxh4 Re6 40. Re2 Be4 41. Be1 Rf6+ 42. Kg1 Bf5 43. Rf2 Rff8 44. Rff4 1-0

[Event "Pattaya op"]
[Site "Pattaya"]
[Date "2019.10.24"]
[Round "3"]
[White "Stokke, Kjetil"]
[Black "Brown, Geoffrey M"]
[Result "0-1"]
[WhiteElo "2336"]
[BlackElo "1880"]
[PlyCount "45"]
[EventDate "2019.10.23"]
[EventType "swiss"]
[EventRounds "9"]
[EventCountry "THA"]
[SourceTitle "CBM 195 Extra"]
[Source "ChessBase"]
[SourceDate "2020.05.31"]
[SourceVersion "1"]
[SourceVersionDate "2020.05.31"]
[SourceQuality "1"]

1. c4 e5 2. g3 Nc6 3. Nc3 Bb4 4. Nd5 Nf6 5. Bg2 0-0 6. e3 Re8 7. Ne2 Bf8 8. 0-0 Nb4 9. Nxb4 Bxb4 10. a3 Bf8 11. d4 d6 12. b3 c6 13. f4 g6 14. Bb2 Bg4 15. h3 Bxe2 16. Qxe2 e4 17. d5 cxd5 18. cxd5 Rc8 19. Rad1 Nd7 20. Qg4 Nc5 21. b4 Na4 22. Ba1 Nc3 23. Rd2 0-1

[Event "NOR-ch"]
[Site "Larvik"]
[Date "2019.07.11"]
[Round "7"]
[White "Elsness, Frode"]
[Black "Stokke, Kjetil"]
[Result "1-0"]
[WhiteElo "2436"]
[BlackElo "2336"]
[PlyCount "57"]
[EventDate "2019.07.05"]
[EventType "swiss"]
[EventRounds "9"]
[EventCountry "NOR"]
[SourceTitle "CBM 191 Extra"]
[Source "ChessBase"]
[SourceDate "2019.09.30"]
[SourceVersion "1"]
[SourceVersionDate "2019.09.30"]
[SourceQuality "1"]

1. d4 d5 2. c4 dxc4 3. Nf3 Nf6 4. e3 e6 5. Bxc4 c5 6. 0-0 a6 7. dxc5 Bxc5 8. Qxd8+ Kxd8 9. Be2 Ke7 10. Nbd2 Rd8 11. Nb3 Bd6 12. Nfd2 Nc6 13. Nc4 Bc7 14. Bd2 Ne4 15. Be1 a5 16. a4 e5 17. Rc1 Nd6 18. Nxe5 Nxe5 19. Rxc7+ Rd7 20. Rc5 f6 21. Rxa5 Rb8 22. Rd5 Ke6 23. Rd1 Rc7 24. Bb4 Nef7 25. Nd4+ Ke5 26. f4+ Ke4 27. Bf3+ Kxe3 28. Rfe1+ Kxf4 29. Bd2# 1-0

[Event "NOR-ch"]
[Site "Larvik"]
[Date "2019.07.10"]
[Round "6"]
[White "Stokke, Kjetil"]
[Black "Hammer, Jon Ludvig"]
[Result "0-1"]
[WhiteElo "2336"]
[BlackElo "2637"]
[PlyCount "44"]
[EventDate "2019.07.05"]
[EventType "swiss"]
[EventRounds "9"]
[EventCountry "NOR"]
[SourceTitle "CBM 191 Extra"]
[Source "ChessBase"]
[SourceDate "2019.09.30"]
[SourceVersion "1"]
[SourceVersionDate "2019.09.30"]
[SourceQuality "1"]

1. Nf3 c5 2. g3 g6 3. Bg2 Bg7 4. c4 Nc6 5. Nc3 d6 6. 0-0 e6 7. d3 Nge7 8. Bg5 h6 9. Bd2 b6 10. a3 Bb7 11. Rb1 0-0 12. b4 Qd7 13. bxc5 dxc5 14. Nb5 e5 15. a4 a5 16. Qc1 Kh7 17. Bc3 f6 18. Nd2 Nb4 19. Bxb7 Qxb7 20. Ne4 f5 21. Ned6 Qd7 22. f4 Na2 0-1

[Event "NOR-chT Club"]
[Site "Drammen"]
[Date "2019.05.30"]
[Round "1.3"]
[White "Bjornes, Leif"]
[Black "Stokke, Kjetil"]
[Result "0-1"]
[WhiteElo "1899"]
[BlackElo "2343"]
[PlyCount "72"]
[EventDate "2019.05.30"]
[EventType "team-swiss"]
[EventRounds "6"]
[EventCountry "NOR"]
[SourceTitle "CBM 190 Extra"]
[Source "ChessBase"]
[SourceDate "2019.07.15"]
[SourceVersion "1"]
[SourceVersionDate "2019.07.15"]
[SourceQuality "1"]
[WhiteTeam "Kristiansand"]
[BlackTeam "Bergens"]
[WhiteTeamCountry "NOR"]
[BlackTeamCountry "NOR"]

1. d4 d5 2. c4 dxc4 3. Nf3 Nf6 4. e3 e6 5. Bxc4 c5 6. 0-0 a6 7. Nc3 b5 8. Bb3 Bb7 9. Qe2 Nbd7 10. Rd1 Qb8 11. d5 e5 12. e4 c4 13. Bc2 Bd6 14. Bg5 h6 15. Bh4 Nh5 16. Bg3 g5 17. Kh1 Qd8 18. Nd2 Nf4 19. Bxf4 exf4 20. Nf3 Be5 21. Nd4 Bxd4 22. Rxd4 Ne5 23. Rad1 Qd6 24. Nb1 Bc8 25. b3 cxb3 26. Bxb3 Bd7 27. Rc1 Kf8 28. Rd2 f3 29. gxf3 g4 30. f4 Nf3 31. e5 Qg6 32. Rd3 Bf5 33. Rxf3 gxf3 34. Qf1 Bd3 35. Qg1 Qh5 36. Qd1 Qh3 0-1